000 00413nam a2200157 i 4500
001 93259
003 ES-MaACL
005 20230906181147.0
007 t|
008 050408s1967 sp ||||1| spa d
100 1 _aLópez, Alicia.
_973301
245 1 0 _aBiografía de una mariposa /
_cAlicia López.
260 _aMálaga :
_b[s.n.],
_c1967.
300 _a74 p. ;
_c21 cm.
852 _aES-MaACL
_jC-32062
_bR.62618
999 _c93259
_d93259